| 000 | 00949nam a22002177a 4500 | ||
|---|---|---|---|
| 999 |
_c13700 _d13700 |
||
| 003 | AR-CdUCM | ||
| 008 | 190416b ||||| |||| 00| 0 spa d | ||
| 040 |
_aMUNICIPALIDAD PROVINCIAL DEL CUSCO _cBIBLIOTECA MUNICIPAL DEL CUSCO |
||
| 082 |
_aTS / 613.94 / _bP637 |
||
| 100 |
_aPilares Moscoso, Lía Marina _932199 |
||
| 245 |
_aPlanificación familiar en el hospital de apoyo : _bN° 1 Hipólito Unánue de Tacna / |
||
| 260 |
_aCusco : _bUniversidad Nacional de San Antonio Abad del Cusco, _c1989. |
||
| 300 |
_a100 hojas ; _bCuadros, _c29 cm. |
||
| 500 | _aTesis presentada para optar al Titulo profesional de licenciado en enfermería. | ||
| 505 | _aContenido: Tacna: "hospital de apoyo N° 1 Hipólito Unánue" sede de la investigación -- Revisión Bibliográfica -- Material y método ... | ||
| 650 |
_aTacna _925062 |
||
| 650 |
_aHospital de apoyo N° 1 _932200 |
||
| 650 |
_aTesis _91981 |
||
| 942 |
_2ddc _cTESIS |
||
| 945 |
_acmm _d2019-04-16 |
||